| 000 | 00522nam a22001817a 4500 | ||
|---|---|---|---|
| 999 |
_c8618 _d8618 |
||
| 003 | AR-CdUCM | ||
| 008 | 190325b ||||| |||| 00| 0 spa d | ||
| 040 |
_aMUNICIPALIDAD PROVINCIAL DEL CUSCO _cBIBLIOTECA MUNICIPAL DEL CUSCO |
||
| 082 |
_a869.56 / _bV55H |
||
| 100 |
_aVertiz, Tito _924113 |
||
| 245 | _aHerencia del terror / | ||
| 260 |
_aLima : _bBellido ediciones, _c2013. |
||
| 300 |
_a295 páginas ; _c20.5 cm |
||
| 650 |
_aLiteratura peruana _9169 |
||
| 650 |
_aSiglo XX _98 |
||
| 942 |
_2ddc _cLIBROS |
||
| 945 | _aafb | ||